1759 1046 1573 1960 1843 1013 1840 1643 1992 1405 1512 1453 1031 1272 1878 1955 1443 1856 1823 1809 1616 1515 1420 1331 1392 1558 1550 1119 1622 1921 1729 1136 1876 1187 1808 1363 1820 1879 1035 1652 1946 1332 1220 1075 1844 1342 1872 1744 1470 1445 1929 1702 1687 1988 1790 1149 1849 1230 1934 1911 1302 1350 1731 1922 1025 1479 1176 1701 1760 1586 1327 1284 1217 1244 1820 1929 1406 1296 1372 1337 1585 1350 1997 1625 1740 1305 1946 1243 1103 1313 1641 1045 1520 1184 1560 1288 1338 1907 1690 BCNSPRNW ULIB Ver.6.0+V

เปลี่ยนเป็นภาษาไทย

Change to English
 แสดงรายละเอียดบรรณานุกรม
  กลับหน้าหลัก

Brief Record : Get Marc (ISO 2709) : E-mail record : QR code < ปิดหน้าต่าง
LEADER : 00000nam 2200000uu 4500
001    13399111161
003     ULIB
008    110617s2548||||th 000 0 tha d
020    9748317897
020    9789748317892
050  4 BF698^bศ272ท 2548
100 0  ศรีเรือน แก้วกังวาล
245 10 ทฤษฎีจิตวิทยาบุคลิกภาพ :^bรู้เรา รู้เขา /^cศรีเรือน แก้วกังวาล
246 30 รู้เรา รู้เขา
250    พิมพ์ครั้งที่ 12
260    กรุงเทพฯ :^bหมอชาวบ้าน,^c2548
300    411 (7) หน้า ;^c21 ซม.
504    มีบรรณานุกรมและดัชนี
650  7 การดำเนินชีวิต
650  7 การปรับตัว (จิตวิทยา)
650  7 จิตวิทยา
650  7 บุคลิกภาพ
945    ^p245^l0^i030213
945    ^p245^l0^i030212
945    ^p245^l0^i030210
945    ^p245^l0^i030209
945    ^p245^l0^i030208
945    ^p245^l0^i023686
945    ^p245^l0^i023685
945    ^p245^l0^i030211
945    ^p245^l0^i016871
995    ทศพร
999 ^a ใช้งานได้ทุกระบบ
รายการนี้ยังไม่มีแท็ก
คุณยังไม่ได้ล็อกอิน คุณสามารถมีกิจกรรมร่วมกับเว็บไซต์ได้ แต่ต้องล็อกอินก่อน ::
  ล็อกอิน

รายการสื่อสารสนเทศ

ลำดับที่ ประเภท เลขเรียก/บาร์โค้ด สถานที่ สถานะ
- ไม่พบข้อมูล -

รายการใกล้เคียง
    ผู้แต่ง [ศรีเรือน แก้วกังวาล]

    หัวเรื่อง [การดำเนินชีวิต]
    หัวเรื่อง [การปรับตัว (จิตวิทยา)]
    หัวเรื่อง [จิตวิทยา]
    หัวเรื่อง [บุคลิกภาพ]

BibComment


ยังไม่เคยถูกคอมเมนท์

คอมเมนท์ทรัพยากรรายการนี้
  คอมเมนท์: ทฤษฎีจิตวิทยาบุคล..


 Copyright 2026. Bcnsprnw @Library